Social science libraries : Interdisciplinary collections, services, networks (Record no. 7435)

MARC details
000 -LEADER
fixed length control field 00537nam a2200193Ia 4500
020 ## - INTERNATIONAL STANDARD BOOK NUMBER
ISBN 9783110232141
082 ## - DEWEY DECIMAL CLASSIFICATION NUMBER
Classification number 026.3 SOC-
245 #0 - TITLE STATEMENT
Title Social science libraries : Interdisciplinary collections, services, networks
260 ## - PUBLICATION, DISTRIBUTION, ETC. (IMPRINT)
Place of publication Saur
Name of publisher De Gruyter
Year of publication 2010
300 ## - PHYSICAL DESCRIPTION
Number of Pages 138
440 ## - SERIES STATEMENT/ADDED ENTRY--TITLE
Title IFLA publications
504 ## - BIBLIOGRAPHY, ETC. NOTE
Bibliography, etc includes bibliography
650 ## - SUBJECT ADDED ENTRY--TOPICAL TERM
Topical Term Social science libraries
650 ## - SUBJECT ADDED ENTRY--TOPICAL TERM
Topical Term Interdisciplinary research
700 ## - ADDED ENTRY--PERSONAL NAME
Personal name Koopman, Sjoerd
700 ## - ADDED ENTRY--PERSONAL NAME
Personal name Witt, Steven W.
700 ## - ADDED ENTRY--PERSONAL NAME
Personal name Rudasill, Lynne M.
942 ## - ADDED ENTRY ELEMENTS (KOHA)
Koha item type Books
Holdings
Withdrawn status Lost status Damaged status Not for loan Home library Current library Date acquired Source of acquisition Bill Date Full call number Accession Number Price effective from Koha item type
        NASSDOC Library NASSDOC Library 28/12/2010 Gifted by : IFLA publications 2010-12-15 026.3 SOC- 46737 18/04/2019 Books